| 000 | 00770 a2200241 4500 | ||
|---|---|---|---|
| 003 | OSt | ||
| 005 | 20180116192339.0 | ||
| 008 | 120525t xxu||||| |||| 00| 0 eng d | ||
| 020 | _a4763681044 (paperback) | ||
| 020 | _a9784763681041 (paperback) | ||
| 040 | _c0 | ||
| 082 | _a677.022 | ||
| 245 | 0 | 0 | _aTropical casual. |
| 260 |
_aSanjo agaru : _bKyoto Shoin, _c1993. |
||
| 300 |
_a80 p :. _bill., _c24 cm. |
||
| 490 | 1 | _aWorld textile collection. | |
| 650 | 0 |
_aTextile design _92177 |
|
| 650 | 0 |
_aTextile fabrics _92178 |
|
| 830 | 0 |
_aWorld textile collection. _92179 |
|
| 856 | 4 | 0 |
_3Amazon.com _uhttp://www.amazon.com/exec/obidos/ASIN/4763681044/chopaconline-20 |
| 942 |
_aSADA _cBK _k677.022 TRO 1993 _2ddc |
||
| 999 |
_c352581 _d352581 |
||